[Event "Bretagne-ch U14"]
[Site "Sarzeau"]
[Date "2006.02.23"]
[Round "4"]
[White "Bouget, Alexandre"]
[Black "Rostam, Salim"]
[Result "1-0"]
[WhiteElo "1600"]
[BlackElo "1520"]
[PlyCount "105"]
[EventDate "2006.02.21"]
[EventType "swiss"]
[EventRounds "6"]
[EventCountry "FRA"]
[SourceTitle "EXT 2007"]
[Source "ChessBase"]
[SourceDate "2006.11.23"]
[SourceVersion "1"]
[SourceVersionDate "2006.11.23"]
[SourceQuality "1"]

1. d4 e6 2. e4 d5 3. e5 f6 4. Nf3 c5 5. c3 Nc6 6. Bd3 cxd4 7. cxd4 fxe5 8. Nxe5 Nxe5 9. dxe5 Bc5 10. Qh5+ Kd7 11. Bb5+ Kc7 12. Bd3 Qf8 13. 0-0 Nh6 14. Bd2 Bd7 15. Nc3 Rd8 16. Rac1 Kb8 17. Qe2 Nf5 18. Bxf5 Qxf5 19. Nxd5 Bd4 20. Bc3 Bxc3 21. Nxc3 a6 22. Qe4 Qxe4 23. Nxe4 Rc8 24. Nd6 Rxc1 25. Rxc1 g5 26. Rc3 h5 27. h3 g4 28. hxg4 hxg4 29. Ne4 Bc6 30. Nf6 Rh4 31. Rg3 Bd5 32. a3 Rh8 33. Rxg4 Rc8 34. Rg8 Rxg8 35. Nxg8 Kc7 36. Kf1 Kc6 37. Ne7+ Kc5 38. g4 Kd4 39. f4 Ke4 40. g5 Kxf4 41. g6 Kxe5 42. g7 Kf6 43. g8Q Kxe7 44. Ke2 Kd6 45. Kd3 Kc6 46. Qc8+ Kb5 47. Kc3 b6 48. b3 Ka5 49. a4 e5 50. Qd7 Bxb3 51. Kxb3 e4 52. Qd5+ b5 53. Qd8# 1-0